Mendel v černé skříňce : problém interpretace přírodovědného textu /

Hlavní autor: Sekerák, Jiří, 1962-
Jazyk: Čeština
Vydáno: Brno : Moravské zemské muzeum, 2008
Vydání: Vyd. 1.
Témata:
Externí odkaz: Digitalizovaný dokument
Fyzický popis: 131 s. ; 21 cm
Language note: Anglické resumé
Knihy
Uloženo v:
LEADER 02202nam a2200565 a 4500
001 nkc20081829998
003 CZ PrNK
005 20090204144352.0
007 ta
008 081205s2008 xr f 000 0dcze
015 |a cnb001829998 
020 |a 978-80-7028-325-7  |q (brož.) 
035 |a (OCoLC)316300098 
040 |a ABA001  |b cze 
041 0 |a cze  |b eng 
043 |a e-xr--- 
045 |a w-x- 
072 7 |a 575  |x Obecná genetika. Obecná cytogenetika. Evoluce  |2 Konspekt  |9 2 
080 |a 575-051  |2 MRF 
080 |a 575  |2 MRF 
080 |a 575.112  |2 MRF 
080 |a (437.3)  |2 MRF 
080 |a (048.8)  |2 MRF 
100 1 |a Sekerák, Jiří,  |d 1962-  |7 mzk2005269571  |4 aut 
245 1 0 |a Mendel v černé skříňce :  |b problém interpretace přírodovědného textu /  |c Jiří Sekerák 
246 3 0 |a Problém interpretace přírodovědného textu 
250 |a Vyd. 1. 
260 |a Brno :  |b Moravské zemské muzeum,  |c 2008 
300 |a 131 s. ;  |c 21 cm 
504 |a Obsahuje bibliografii a bibliografické odkazy 
546 |a Anglické resumé 
600 1 7 |a Mendel, Johann Gregor,  |d 1822-1884  |7 jk01081221  |2 czenas 
648 7 |a 19.-20. století  |7 ch757015  |2 czenas 
650 0 7 |a genetici  |7 ph120480  |z Česko  |y 19.-20. století  |2 czenas 
650 0 7 |a genetika  |7 ph114609  |y 19.-20. století  |2 czenas 
650 0 7 |a cytogenetika  |7 ph119279  |y 19.-20. století  |2 czenas 
650 0 7 |a bioinformatika  |7 ph194800  |y 19.-20. století  |2 czenas 
650 0 9 |a geneticists  |z Czechia  |y 19th-20th centuries  |2 eczenas 
650 0 9 |a genetics  |y 19th-20th centuries  |2 eczenas 
650 0 9 |a cytogenetics  |y 19th-20th centuries  |2 eczenas 
650 0 9 |a bioinformatics  |y 19th-20th centuries  |2 eczenas 
655 7 |a studie  |7 fd133597  |2 czenas 
655 9 |a studies  |2 eczenas 
856 4 1 |u http://www.digitalniknihovna.cz/mzk/uuid/uuid:bdc07890-947c-11e3-a744-005056827e52  |y Digitalizovaný dokument  |x NDK 
910 2 |a BOA001  |b 2-1215.210 
990 |a BK 
995 |a 01 
991 |b 200901  |c NOV 
996 6 |b 2610361083  |c 2-1215.210  |l MZK  |r Sklad / do 1 hodiny  |n 0  |p p.v.  |w 000922366  |u 000010  |a 1  |e BOA001  |j MZK50  |s P 
996 7 |b 2610361084  |c 2-1215.210  |l MZK  |r Sklad / do 1 hodiny  |n 15  |p p.v.  |w 000922366  |u 000020  |a 1  |e BOA001  |j MZK50  |s A